00361nam a22001337a 450000500170000000800410001704100120005808200130007010000130008324500400009626000370013630000290017365000250020220240828084548.0240828b |||||||| |||| 00| 0 eng d aEnglish a349 LAW  lEnglish  aThe Laws of South West Africa 1987  aWindhoek: bBy Authority, c1987 blix, 23 pages; c25 cm.  aLegal practice bLaw